En el cincuentenario de la Independencia (Record no. 44694)

MARC details
000 -LEADER
campo de control de longitud fija 01283nam a2200265 i 4500
001 - NÚMERO DE CONTROL
campo de control 44694
003 - IDENTIFICADOR DE NÚMERO DE CONTROL
campo de control ES-MaACL
005 - FECHA Y HORA DE LA ÚLTIMA TRANSACCIÓN
campo de control 20250928134702.0
007 - CAMPO FIJO DE DESCRIPCIÓN FÍSICA--INFORMACIÓN GENERAL
campo de control de longitud fija t|
008 - DATOS DE LONGITUD FIJA--INFORMACIÓN GENERAL
campo de control de longitud fija 030324s1952 cu ||||1| spa d
245 06 - MENCIÓN DEL TÍTULO
Título En el cincuentenario de la Independencia
Resto del título : discursos leídos por los Académicos ... en la sesión solemne celebrada el día 21 de mayo de 1952 /
Mención de responsabilidad, etc. palabras de apertura por Emeterio S. Santovenia y Echaide.
260 ## - PUBLICACIÓN, DISTRIBUCIÓN, ETC.
Lugar de publicación, distribución, etc. La Habana :
Nombre del editor, distribuidor, etc. El Siglo XX,
Fecha de publicación, distribución, etc. 1952.
300 ## - DESCRIPCIÓN FÍSICA
Extensión 60 p. ;
Dimensiones 24 cm.
500 ## - NOTA GENERAL
Nota general Precede al tít.: Academia de la Historia de Cuba.
505 8# - NOTA DE CONTENIDO CON FORMATO
Nota de contenido con formato Contiene: Organización del poder judicial / por Enrique Gay-Calbó. Organización y constitución del poder legislativo / José Manuel Pérez Cabrera. Organización e inauguración del poder ejecutivo / por Juan J. Remos. Cuba en el concierto internacional / Cosme de la Torriente
651 #4 - PUNTO DE ACCESO ADICIONAL DE MATERIA--NOMBRE GEOGRÁFICO
Nombre geográfico Cuba-
Subdivisión general Historia.
9 (RLIN) 8094
700 1# - ENTRADA AGREGADA--NOMBRE PERSONAL
Nombre de persona Santovenia, Emeterio S.
9 (RLIN) 103543
700 1# - ENTRADA AGREGADA--NOMBRE PERSONAL
Nombre de persona Gay Calbó, Enrique.
9 (RLIN) 56116
700 1# - ENTRADA AGREGADA--NOMBRE PERSONAL
Nombre de persona Pérez Cabrera, José Manuel.
9 (RLIN) 90691
700 1# - ENTRADA AGREGADA--NOMBRE PERSONAL
Nombre de persona Remos y Rubio, Juan J.
9 (RLIN) 96150
700 1# - ENTRADA AGREGADA--NOMBRE PERSONAL
Nombre de persona Torriente, Cosme de la,
Fechas asociadas al nombre n. 1872
9 (RLIN) 111040
710 2# - ENTRADA AGREGADA--NOMBRE DE ENTIDAD CORPORATIVA
Nombre de entidad corporativa o nombre de jurisdicción como elemento de entrada Academia de la Historia de Cuba.
9 (RLIN) 1183
852 ## - LOCALIZACIÓN
Ubicación ES-MaACL
Número de control de estantería 1976-F-5
Sublocalización o colección R.32687
Holdings
Estatus retirado Estado de pérdida Estado de daño No para préstamo Colección Biblioteca de origen Biblioteca actual Ubicación en estantería Fecha de adquisición Fuente de adquisición Total de préstamos Signatura topográfica completa Código de barras Visto por última vez Precio de reemplazo Tipo de ítem Koha
        Colección de folletos Biblioteca del Ateneo de Madrid Biblioteca del Ateneo de Madrid Depósito folletos 17/01/2008     1976-F-5 1047038 23/02/2023 23/02/2023 Folleto